header

Selected papers from the 8th International Symposium on Electric and Magnetic Fields (Record no. 245469)

MARC details
000 -LEADER
fixed length control field 01473nam a2200349Ia 4500
245 10 - TITLE STATEMENT
Title Selected papers from the 8th International Symposium on Electric and Magnetic Fields
260 ## - PUBLICATION, DISTRIBUTION, ETC. (IMPRINT)
Place of publication [Bingley, UK] :
Name of publisher Emerald,
Year of publication 2010.
300 ## - PHYSICAL DESCRIPTION
Number of Pages p. 1413-1661 :
Other physical details ill.
490 1# - SERIES STATEMENT
Series statement Compel ;
650 #0 - SUBJECT ADDED ENTRY--TOPICAL TERM
Topical Term Electrical engineering
Topical Term Magnetic fields
Topical Term Electromagnetic theory
700 1# - ADDED ENTRY--PERSONAL NAME
Personal name Dullar, Patrick.
Personal name Repetto, Maurizio.
856 40 - ELECTRONIC LOCATION AND ACCESS
Uniform Resource Identifier http://site.ebrary.com/lib/rucke/Doc?id=10440351

No items available.

© 2026 Rongo University
Contact us: librarian | system librarian | Rongo university